| 000 | 01155cam a2200349 i 4500 | ||
|---|---|---|---|
| 001 | 3699290 | ||
| 003 | OSt | ||
| 005 | 20260616154132.0 | ||
| 008 | 790620s1980 miub b 001 0 eng | ||
| 010 | _a 79016510 | ||
| 020 | _a0802823696 | ||
| 020 | _a9780802823694 | ||
| 035 | _a3699290 | ||
| 040 |
_aDLC _cDLC _dDLC |
||
| 050 | 0 | 0 |
_aBS1525.3 _b.T47 |
| 082 | 0 | 0 | _a224/.2/077 |
| 100 | 1 |
_aThompson, J. A. _q(John Arthur), _d1913- |
|
| 245 | 1 | 4 |
_aThe book of Jeremiah / _cby J. A. Thompson. |
| 260 |
_aGrand Rapids : _bEerdmans, _cc1980. |
||
| 300 |
_axii, 819 p. : _bmaps ; _c22 cm. |
||
| 336 |
_atext _btxt _2rdacontent |
||
| 337 |
_aunmediated _bn _2rdamedia |
||
| 338 |
_avolume _bnc _2rdacarrier |
||
| 490 | 1 | _aThe New international commentary on the Old Testament | |
| 504 | _aIncludes bibliographical references and indexes. | ||
| 583 |
_aCataloguing: _c20260616 _kgtanuigtanui |
||
| 630 | 0 | 0 |
_aBible. _pJeremiah _xCommentaries. |
| 830 | 0 | _aNew international commentary on the Old Testament. | |
| 906 |
_a7 _bcbc _corignew _d1 _eocip _f19 _gy-gencatlg |
||
| 942 |
_2lcc _cBK |
||
| 999 |
_c21690 _d21689 |
||